Statistiken für Top 5 in Europa #2

Klicken Sie hier um das Quiz zu spielen!

Allgemein

  • Dieses Quiz wurde 216 mal gespielt
  • Das Durchschnittsergebnis liegt bei 26 aus 30

Antwortstatistiken

Antwort% Korrekt
AutoherstellerDeutschland
100%
Militärische StärkeDeutschland
100%
WeinproduzentDeutschland
100%
WeinproduzentFrankreich
99%
AutoherstellerFrankreich
99%
Militärische StärkeFrankreich
99%
Apple-ProduzentFrankreich
99%
Militärische StärkeItalien
97%
Apple-ProduzentItalien
97%
WeinproduzentItalien
97%
ÖlproduzentRussland
97%
Militärische StärkeRussland
97%
Apple-ProduzentRussland
97%
WeinproduzentSpanien
97%
AutoherstellerSpanien
97%
Höchste prozentuale erneuerbare EnergieNorwegen
94%
ÖlproduzentNorwegen
94%
Höchste prozentuale erneuerbare EnergieSchweden
93%
AutoherstellerVereinigtes Königreich
90%
Militärische StärkeVereinigtes Königreich
90%
ÖlproduzentVereinigtes Königreich
90%
Höchste prozentuale erneuerbare EnergieFinnland
87%
WeinproduzentPortugal
81%
Apple-ProduzentPolen
80%
Apple-ProduzentUkraine
74%
ÖlproduzentDänemark
70%
Höchste prozentuale erneuerbare EnergieIsland
67%
AutoherstellerTschechien
56%
ÖlproduzentRumänien
40%
Höchste prozentuale erneuerbare EnergieAlbanien
17%

Verteilung der Resultate

Perzentil nach korrekt beantworteten Fragen

Anzahl Personen mit jedem Resultat

Ihre Resultats-Entwicklung

Sie haben dieses Quiz noch nicht gespielt